Allium Crop Science:Recent Advances (Record no. 14515)

MARC details
000 -LEADER
fixed length control field 00408nam a22001577a 4500
003 - CONTROL NUMBER IDENTIFIER
control field OSt
005 - DATE AND TIME OF LATEST TRANSACTION
control field 20211022164710.0
008 - FIXED-LENGTH DATA ELEMENTS--GENERAL INFORMATION
fixed length control field 211022b |||||||| |||| 00| 0 eng d
020 ## - INTERNATIONAL STANDARD BOOK NUMBER
International Standard Book Number 0 85199 510 1
040 ## - CATALOGING SOURCE
Transcribing agency Hawassa University
050 ## - LIBRARY OF CONGRESS CALL NUMBER
Classification number 635.25/ALL
Item number 3
082 ## - DEWEY DECIMAL CLASSIFICATION NUMBER
Classification number 635.25/ALL
Item number 3
245 ## - TITLE STATEMENT
Title Allium Crop Science:Recent Advances
260 ## - PUBLICATION, DISTRIBUTION, ETC.
Place of publication, distribution, etc. New York
Name of publisher, distributor, etc. CABI Publishing
Date of publication, distribution, etc. 2002
942 ## - ADDED ENTRY ELEMENTS (KOHA)
Source of classification or shelving scheme Dewey Decimal Classification
Koha item type Books like text book referance book
Suppress in OPAC No
Holdings
Withdrawn status Lost status Source of classification or shelving scheme Damaged status Not for loan Home library Current library Date acquired Total Checkouts Full call number Barcode Date last seen Copy number Price effective from Koha item type
    Dewey Decimal Classification     College of Agriculture Library College of Agriculture Library 10/22/2021   635.25/ALL ALIB0009268 10/22/2021 1 10/22/2021 Books like text book referance book
    Dewey Decimal Classification     College of Agriculture Library College of Agriculture Library 10/22/2021   635.25/ALL ALIB0009269 10/22/2021 2 10/22/2021 Books like text book referance book
    Dewey Decimal Classification     College of Agriculture Library College of Agriculture Library 10/22/2021   635.25/ALL ALIB0009270 10/22/2021 3 10/22/2021 Books like text book referance book